| 000 | 00925nam a2200265 a 4500 | ||
|---|---|---|---|
| 001 | 000037962 | ||
| 003 | DO-SdBPM | ||
| 005 | 20250606104559.0 | ||
| 007 | ta | ||
| 008 | 130311s19uu dr a 000 0 spa d | ||
| 020 | _a9789945486063 | ||
| 040 |
_aDO-SdBPM _bspa _cBPMSU _erda |
||
| 082 | 4 |
_a323.42 _bD431d _222 |
|
| 110 | 2 |
_aRepública Dominicana _bConsejo Nacional para la Reforma del Estado |
|
| 245 | 0 | 4 |
_aLos derechos y deberes fundamentales en la constitución : _bguía práctica. |
| 260 |
_aSanto Domingo : _bConsejo Nacional para la Reforma del Estado (CONARE) _c[201-?]. |
||
| 300 |
_a73 p. : _bils. ; _c22 cm. |
||
| 590 | _aInventariado, 2025/VM | ||
| 650 | 4 |
_aDerechos humanos _vGuías |
|
| 650 | 4 |
_aDerechos civiles _vGuías |
|
| 650 | 4 |
_aGarantías constitucionales _vGuías |
|
| 651 | 4 |
_aRepública Dominicana _xDerecho constitucional |
|
| 910 | _aVMateo V. Control de calidad. BPMSU | ||
| 942 |
_2ddc _cBK |
||
| 999 |
_c15131 _d15131 |
||